00342nam a2200133Ia 4500008004100000041001200041082001600053100001500069245005300084260002900137300000800166650001900174700001500193221030s9999 xx 000 0 und d aEnglish a105.23bBal aN. P. Bali 0aGolden Solid Geometrycby N. P. Bali, H. Krishan bLaxmi Pub.aNew Delhic0 a579 aBE Mathematics aH. Krishan